Cuentos completos y otras narraciones /

Bibliographic Details
Main Author: Gutiérrez Nájera, Manuel, 1859-1895
Format: Book
Language:Spanish
Published: Mexico : Fondo de Cultura Economica, [1958]
Edition:[1. ed.].
Series:Biblioteca americana (Fondo de Cultura Economica (Mexico)). Serie de literatura moderna, vida y ficcion.

MARC

Tag First Indicator Second Indicator Subfields
LEADER 00000cam a2200000 4500
001 in00000021988
005 20151007063822.0
008 720713s1958 mx 00001 spa u
010 |a  59020655  
035 |a (OCoLC)00355814 
035 |9 AAD8331AM 
040 |c WSU  |d TXA  |d UtOrBLW 
049 |a TXAM  |c [324872] 
050 0 |a PQ7297.G8  |b A15 1958 
092 |a 863  |b G9841c 
100 1 |a Gutiérrez Nájera, Manuel,  |d 1859-1895. 
245 1 0 |a Cuentos completos y otras narraciones /  |c Prologo, edicion y notas de E. K. Mapes. Estudio preliminar de Francisco Gonzalez Guerrero. 
250 |a [1. ed.]. 
264 1 |a Mexico :  |b Fondo de Cultura Economica,  |c [1958] 
300 |a 477 pages ;  |c 22 cm. 
336 |a text  |b txt  |2 rdacontent 
337 |a unmediated  |b n  |2 rdamedia 
338 |a volume  |b nc  |2 rdacarrier 
490 1 |a Biblioteca americana [35] Serie de literatura moderna; vida y ficcion 
830 0 |a Biblioteca americana (Fondo de Cultura Economica (Mexico)).  |p Serie de literatura moderna, vida y ficcion. 
999 |a MARS 
999 f f |s cb3c1d1e-3792-3841-9052-47a5ff4dcd2b  |i fc5eeff0-a546-39f0-acfe-c81ccf4032cb  |t 0 
952 f f |p normal  |a Texas A&M University  |b College Station  |c Sterling C. Evans Library  |s Evans stk  |d Evans: Library Stacks  |t 0  |e PQ7297.G8 A15 1958  |h Library of Congress classification  |i unmediated -- volume  |m A14833251580 
998 f f |a PQ7297.G8 A15 1958  |t 0  |l Evans: Library Stacks